Stratégia exportnej orientácie a reálne možnosti SR
Aktuálna, ale problematická exportná orientácia v SR. Prevažuje zahraničný dopyt nad ponukovou kvalitou. Nedostatočná účasť zahraničného kapitálu. Exportne orientovaný rozvoj SR v dohľadnej budúcnosti. Príčiny nižšej kvality slovenských výrobkov. (9. časť seriálu o proexportnej stratégii).
Saved in:
| Main Author: | |
|---|---|
| Format: | Book |
| Language: | Slovak |
| Subjects: | |
| Tags: |
No Tags, Be the first to tag this record!
|
MARC
| LEADER | 00000nam a2200000 4500 | ||
|---|---|---|---|
| 001 | r030661 | ||
| 005 | 20230824094455.4 | ||
| 041 | 0 | |a slo | |
| 044 | |a SK | ||
| 245 | 1 | 0 | |a Stratégia exportnej orientácie a reálne možnosti SR |c Ján Artur Oberhauser |
| 520 | |a Aktuálna, ale problematická exportná orientácia v SR. Prevažuje zahraničný dopyt nad ponukovou kvalitou. Nedostatočná účasť zahraničného kapitálu. Exportne orientovaný rozvoj SR v dohľadnej budúcnosti. Príčiny nižšej kvality slovenských výrobkov. (9. časť seriálu o proexportnej stratégii). | ||
| 610 | 2 | 0 | |a podpora vývozu |
| 610 | 2 | 0 | |a vývoz |
| 610 | 2 | 0 | |a dovoz |
| 610 | 2 | 0 | |a Slovensko |
| 610 | 2 | 0 | |a obchod zahraničný |
| 610 | 2 | 0 | |a investície priame zahraničné |
| 610 | 2 | 0 | |a integrácia ekonomická medzinárodná |
| 610 | 2 | 0 | |a NIK |
| 610 | 2 | 0 | |a bilancia platobná |
| 610 | 2 | 0 | |a kapitál zahraničný |
| 100 | 1 | |a Oberhauser, Ján Artur | |